000 00627nam a2200157Ia 4500
005 20250424120244.0
008 250424s9999 xx 000 0 und d
022 _a17549426
050 _aHF 5548.7 .I528/
245 0 _aIndustrial and organizational psychology: perspectives on science and practice
260 _bMalden, MA : Blackwell Pub. Wiley Subcription Services, Inc.
260 _c2011
300 _a143 p. ; 26 cm.
650 _aPsychology, Industrial--Periodicals. Organizational behavior--Psychological aspects--Periodicals. Organizational behavior--Psychological aspects. Psychology, Industrial.
942 _cSR
999 _c38276
_d38276